چک ویرا جندر : (Record no. 107420)

MARC details
000 -LEADER
fixed length control field 00910nam a22002537a 4500
005 - DATE AND TIME OF LATEST TRANSACTION
control field 20170123162326.0
010 ## - LIBRARY OF CONGRESS CONTROL NUMBER
LC control number 777341
020 ## - INTERNATIONAL STANDARD BOOK NUMBER
Terms of availability 22.50
035 ## - SYSTEM CONTROL NUMBER
System control number 777341
037 ## - SOURCE OF ACQUISITION
Source of stock number/acquisition Cen Lib/Ret
040 ## - CATALOGING SOURCE
Original cataloging agency DPL
Language of cataloging UR
082 ## - DEWEY DECIMAL CLASSIFICATION NUMBER
Classification number ن
Item number آ ی ن
245 ## - TITLE STATEMENT
Title چک ویرا جندر :
Statement of responsibility, etc مرتجم رشید سہسونی
Remainder of title شری نواس مستی وینکٹیش اینگر /
246 ## - VARYING FORM OF TITLE
Title proper/short title Chak virendrajabdar : Sri Nivas Maasti Vinkeshvar Aangar /
Remainder of title by Naseem Anhoni
260 ## - PUBLICATION, DISTRIBUTION, ETC. (IMPRINT)
Place of publication, distribution, etc نیی دہلی
Name of publisher, distributor, etc نعتوں ال بک ٹرسٹ انڈیا
Date of publication, distribution, etc 1894
270 ## - ADDRESS
City نیی دہلی
Address A-5, گرین پارک
Postal code 110006
300 ## - PHYSICAL DESCRIPTION
Extent 400p.
Dimensions 21cm(Hb)
650 ## - SUBJECT ADDED ENTRY--TOPICAL TERM
Topical term or geographic name as entry element ادب --کناڈا
9 (RLIN) 119308
650 ## - SUBJECT ADDED ENTRY--TOPICAL TERM
Topical term or geographic name as entry element کناڈا ناول
9 (RLIN) 509
650 ## - SUBJECT ADDED ENTRY--TOPICAL TERM
Topical term or geographic name as entry element Literature --Kannada
9 (RLIN) 119309
650 ## - SUBJECT ADDED ENTRY--TOPICAL TERM
Topical term or geographic name as entry element Kannada novel
9 (RLIN) 73133
700 ## - ADDED ENTRY--PERSONAL NAME
Personal name شید سہسونی
9 (RLIN) 119310
942 ## - ADDED ENTRY ELEMENTS (KOHA)
Source of classification or shelving scheme Dewey Decimal Classification
Koha item type Urdu Bks
Classification part ن
Call number suffix آ ی ن
Holdings
Withdrawn status Lost status Damaged status Not for loan Home library Current library Date acquired Source of acquisition Cost, normal purchase price Total Checkouts Full call number Barcode Date last seen Date checked out Copy number Cost, replacement price Price effective from Koha item type
        Central Library Central Library 07/01/2016 Cen Lib/Ret 22.50 1 ن آ ی ن 777341 13/03/2018 28/02/2018 1 22.50 07/01/2016 Urdu Bks

© Delhi Public Library
Hit Counter
free hit counter